[Event "Twente Young Master op-A"]
[Site "Twente"]
[Date "2007.08.10"]
[Round "8"]
[White "Groenendijk, Thijs"]
[Black "Van Vliembergen, Marina"]
[Result "0-1"]
[WhiteElo "1674"]
[BlackElo "1720"]
[PlyCount "76"]
[EventDate "2007.08.06"]
[EventType "swiss"]
[EventRounds "9"]
[EventCountry "NED"]
[SourceTitle "EXT 2008"]
[Source "ChessBase"]
[SourceDate "2007.11.25"]
[SourceVersion "1"]
[SourceVersionDate "2007.11.25"]
[SourceQuality "1"]

1. e4 e6 2. d4 d5 3. e5 c5 4. c3 Nc6 5. Nf3 Qb6 6. Bd3 Bd7 7. Bc2 f6 8. 0-0 Be7 9. b3 fxe5 10. dxe5 0-0-0 11. Be3 Qc7 12. Bf4 Rf8 13. Bg3 Nh6 14. Re1 Nf5 15. Bxf5 Rxf5 16. Nbd2 g5 17. Nf1 h5 18. Ne3 Rf7 19. Nxd5 Qd8 20. Nxe7+ Qxe7 21. Qd2 Rg8 22. h4 Rxf3 23. gxf3 gxh4 24. Kg2 hxg3 25. fxg3 Qg7 26. Qf4 Ne7 27. Rh1 Nd5 28. Qh4 Qxe5 29. Rae1 Qxc3 30. Re2 e5 31. Rhe1 Nf4+ 32. Kf2 Nxe2 33. Rxe2 Qd4+ 34. Qxd4 exd4 35. Re5 b6 36. Rxh5 Re8 37. g4 d3 38. Rd5 Re2+ 0-1